000 00751nam a2200265Ia 4500
003 OSt
005 20221005083508.0
006 a|||||r|||| 00| 0
007 ta
008 221004b |||||||| |||| 00| 0 eng d
020 _a8125907262
024 _a25351
037 _cTextual
040 _aCRL
_cCRL
_beng
041 _2eng
_aeng
082 _aT4:8(Z,171).2, N9
100 _aRao K. Sudha etc.
_9612651
245 0 _aAutonomous and non- autonomous colleges
_b selected case studies.
260 _aNew Delhi
_bVikas publishing house India
_c1999
300 _a183p.
_ccm.
650 _a EDUCATION
650 _aHIGHER EDUCATION
942 _hT4:8(Z,171).2, N9
_cTEXL
_2cc
999 _c991091
_d991091